Die Illustrierte Chronikhandschrift des Zaren Ivan IV. Groznyj

Titel: Die Illustrierte Chronikhandschrift des Zaren Ivan IV. Groznyj : Ein Schlüsselwerk der Moskauer Historiographie und Buchkunst zwischen Spätmittelalter und Früher Neuzeit / Reinhard, Frötschner (Hg.)
Beteiligt:
Veröffentlicht: Berlin : Frank & Timme, 2021
Umfang: 263 Seiten : Illustrationen ; 21 cm x 14.8 cm
Format: Buch
Sprache: Deutsch; Russisch; Englisch
Schriftenreihe/
mehrbändiges Werk:
DigiOst ; Band 15
RVK-Notation:
Schlagworte:
Andere Ausgaben: Erscheint auch als Online-Ausgabe
ISBN: 9783732906680 ; 373290668X ; 9783732993239
Buchumschlag
X
alg: 49036429
001A    $00026:02-02-22 
001B    $01999:09-05-25 $t18:24:00.000 
001D    $03004:03-02-22 
001U    $0utf8 
001X    $00 
002@    $0Aau 
002C    $aText $btxt $2rdacontent 
002D    $aohne Hilfsmittel zu benutzen $bn $2rdamedia 
002E    $aBand $bnc $2rdacarrier 
003@    $0490364292 
004A    $A978-3-7329-0668-0 $fBroschur : EUR 49.80 
004A    $03-7329-0668-X 
004K    $09783732906680 
004O    $A978-3-7329-9323-9 
006G    $01247376605 
006H    $0TOCNEUA2208 $2DNB 
006T    $021,N50 
006U    $022,A28 $f20211211 
007A    $01247376605 $aDNB 
007G    $0DE020F7B33EA655C4618DC12587ED00327A91 
009P    $qapplication/pdf $A2 $3Inhaltsverzeichnis $uhttp://scans.hebis.de/HEBCGI/show.pl?49036429_toc.pdf $mV:DE-603;B:DE-Mb50 
009P    $qapplication/pdf $A2 $3Cover $uhttp://scans.hebis.de/HEBCGI/show.pl?49036429_cov.pdf $mV:DE-603;B:DE-Mb50 
010@    $ager $arus $aeng 
010E    $erda 
011@    $a2021 $n2021 
021A    $aDie @Illustrierte Chronikhandschrift des Zaren Ivan IV. Groznyj $dEin Schlüsselwerk der Moskauer Historiographie und Buchkunst zwischen Spätmittelalter und Früher Neuzeit $hReinhard, Frötschner (Hg.) 
028C    $BHerausgeber $4edt $8Frötschner, Reinhard [Tp3] $9457860650 
033A    $pBerlin $nFrank & Timme 
034D    $a263 Seiten 
034I    $a21 cm x 14.8 cm 
034M    $aIllustrationen 
036E    $aDigiOst $lBand 15 
039D    $aErscheint auch als $nOnline-Ausgabe 
044A    $aLLS $S## $N653 
044A    $aLicevoj letopisnyj svod $S## $N653 
044A    $aRussland $S## $N653 
044A    $aIvan IV $S## $N653 
044A    $aBuchmalerei $S## $N653 
044A    $aIllustrierte Weltchronik $S## $N653 
044A    $aHistoriographie $S## $N653 
044K    $#Ivan $#Иван <Грозный> IV $#Ivan  $#Ivan  $#Ivan  IV. $#Ivan  IV. $#Ivan  IV. $#Ivan  $#Ivan Vasilʹevič IV. $#Ivan Vasilʹevič  IV. $#Iwan  IV. $#Iwan Wassiljewitsch  IV. $#Iwan Basiliewiz  IV. $#Ioann  $#Joann  $#Joannes  $#Joannes  IV. $#Johannes  $#Ivan  IV. $#Ivan  $#Ivan  $#Iwan  $#Ivan  IV. $#Ivan Vasilʹevič IV $#Ivan  4 $#Ivan  IV. $#Ivan $7118556150 $8$PIwan$nIV.$lRussland, Zar$Z1530-1584 [Tp1] $9086897187 
044K    $RRussische SFSR $#Russland $#Russland $#Russische Föderation $#Rußland (vor 1917) $#Россия $#Rußland $#Krievija $#Federazione Russa $#RF $#Großrussland $#Großrußland $#Russia -1917; 1992- $#Rossijskaja Imperija $#Russie $#Empire de Russie $#Russian Federation $#Federacja Rosyjska $#Rosja $#Rossija $#Rossijskaja Federacija $#Russische Föderation $#RF Rossija $#Russia $#Russland -1917 ; 1992- $#Russisches Reich $#РФ $#Российская Федерация $#Российская Империя $74076899-5 $8Russland [Tgz] $9085217913 
044K    $RSchrifttum $RGeschichtswissenschaft $#Historiography $#Historiographie $#Storiografia $#Historiografía $#Historiography $#Geschichtsschreibung $#Geschichtsschreibung $#Historiographie $#Historiografie $#Historisierung Geschichtsschreibung $74020531-9 $8Geschichtsschreibung [Ts1] $9085049425 
044K    $RBuchgestaltung $#Type ornaments $#Ornements typographiques $#Ornamentos tipográficos $#Buchschmuck $74008648-3 $8Buchkunst [Ts1] $9085015164 
044K    $RGeschichtsschreibung $RChronik $74148008-9 $8Chronistik [Ts1] $9085599891 
044K    $qDNB $#Letopisnyj svod XVI veka licevoj $74844868-0 $8$aLicevoj letopisnyj svod XVI veka [Tu1] $9133424227 
044K    $qDNB $#History and criticism $#Histoire et critique $74128542-6 $8Quellenkritik [Ts1] $9085446513 
044K    $qDNB $RMalerei $RIllustration $RIlluminierte Handschrift $#Illumination of books and manuscripts $#Enluminure $#Iluminación de manuscritos $#Buchillumination $#Handschrift Miniatur $#Handschriftenillustration $#Illumination Buchmalerei $#Miniaturmalerei Handschrift $#Handschrift Illustration $74008650-1 $8Buchmalerei [Ts1] $9085015180 
045E    $c900 $c940 $c740 
045F    $a907.20947109031 $eDDC23BSB 
045F/01 $a907.2 
045F/03 $f09031 
045F/03 $g471 
045R    $aGeschichte 
045Z    $8AM 49200 [Tkv] $9407196455 
045Z    $8NM 9470 [Tkv] $9410894567 

lok: 49036429 24

exp: 49036429 24 1 #EPN
201B/01 $003-02-22 $t15:50:21.000 
201C/01 $002-02-22 
201U/01 $0utf8 
203@/01 $01180960297 
208@/01 $a03-02-22 $bz 
209A/01 $a22.00290 $du $f050 $h22 00290 $x00 
209C/01 $a22.00290 G $h22 00290 G 
209G/01 $a74600310 $x00 
220C/01 $ahae 
247C/01 $8358050-7 Marburg, Bibliothek des Herder-Instituts Marburg $9102600961 

lok: 49036429 204

exp: 49036429 204 1 #EPN
201B/01 $005-05-22 $t15:34:56.000 
201C/01 $002-02-22 
201U/01 $0utf8 
203@/01 $01180958276 
208@/01 $a02-02-22 $bzUB 
209A/01 $a000 NM 9470 F926 $du $f000 $x00 
209G/01 $a64466879 $x00 
245S/01 $a10200 $x01 
247C/01 $8631000-x <26>Gießen, Universität Gießen, Universitätsbibliothek Gießen $9102596697
LEADER 00000cam a2200000 c 4500
001 490364292
003 DE-603
005 20250509182400.0
007 tu
008 220202s2021 xx |||| | u00||u|ger
015 |a 22,A28  |z 21,N50  |2 dnb 
016 7 |2 DE-101  |a 1247376605 
020 |a 9783732906680  |c Broschur : EUR 49.80 
020 |a 373290668X 
024 3 |a 9783732906680 
035 |a (DE-599)DNB1247376605 
040 |a DE-603  |b ger  |c DE-603  |d DE-603  |e rda 
041 |a ger  |a rus  |a eng 
082 0 4 |8 1\u  |a 907.20947109031  |q DE-101  |2 23/BSB 
084 |a 900  |a 940  |a 740  |q DE-101  |2 sdnb 
084 |a AM 49200  |0 (DE-625)4331:  |0 (DE-603)407196455  |2 rvk 
084 |a NM 9470  |0 (DE-625)126487:  |0 (DE-603)410894567  |2 rvk 
085 |8 1\u  |b 907.2 
085 |8 1\u  |z 1  |s 09031 
085 |8 1\u  |z 2  |s 471 
245 0 0 |a ˜Dieœ Illustrierte Chronikhandschrift des Zaren Ivan IV. Groznyj  |b Ein Schlüsselwerk der Moskauer Historiographie und Buchkunst zwischen Spätmittelalter und Früher Neuzeit  |c Reinhard, Frötschner (Hg.) 
264 1 |a Berlin  |b Frank & Timme  |c 2021 
300 |a 263 Seiten  |b Illustrationen  |c 21 cm x 14.8 cm 
336 |a Text  |b txt  |2 rdacontent 
337 |a ohne Hilfsmittel zu benutzen  |b n  |2 rdamedia 
338 |a Band  |b nc  |2 rdacarrier 
490 0 |a DigiOst  |v Band 15 
600 0 7 |a Iwan  |b IV.  |c Russland, Zar  |d 1530-1584  |0 (DE-588)118556150  |0 (DE-603)086897187  |2 gnd 
630 0 7 |a Licevoj letopisnyj svod XVI veka  |0 (DE-588)4844868-0  |0 (DE-603)133424227  |2 gnd 
648 7 |a Geschichte  |2 gnd 
650 7 |a Geschichtsschreibung  |0 (DE-588)4020531-9  |0 (DE-603)085049425  |2 gnd 
650 7 |a Buchkunst  |0 (DE-588)4008648-3  |0 (DE-603)085015164  |2 gnd 
650 7 |a Chronistik  |0 (DE-588)4148008-9  |0 (DE-603)085599891  |2 gnd 
650 7 |a Quellenkritik  |0 (DE-588)4128542-6  |0 (DE-603)085446513  |2 gnd 
650 7 |a Buchmalerei  |0 (DE-588)4008650-1  |0 (DE-603)085015180  |2 gnd 
651 7 |a Russland  |0 (DE-588)4076899-5  |0 (DE-603)085217913  |2 gnd 
700 1 |a Frötschner, Reinhard  |e Herausgeber  |4 edt  |0 (DE-603)457860650  |0 (DE-588)1203018193  |2 gnd 
776 0 8 |i Erscheint auch als  |n Online-Ausgabe 
776 1 |z 9783732993239 
856 4 2 |m V:DE-603;B:DE-Mb50  |q application/pdf  |u http://scans.hebis.de/HEBCGI/show.pl?49036429_toc.pdf  |3 Inhaltsverzeichnis 
856 4 2 |m V:DE-603;B:DE-Mb50  |q application/pdf  |u http://scans.hebis.de/HEBCGI/show.pl?49036429_cov.pdf  |3 Cover 
924 0 |9 Mb 50  |a (DE-603)1180960297  |b DE-Mb50  |c HES  |d c  |g 22.00290 
924 0 |9 26  |a (DE-603)1180958276  |b DE-26  |c HES  |d c  |g 000 NM 9470 F926